| 000 | 01364nam a22003857a 4500 | ||
|---|---|---|---|
| 001 | 0000563 | ||
| 003 | DO-SdBPM | ||
| 005 | 20250707142600.0 | ||
| 007 | ta | ||
| 008 | 160317b2008 sp ||||| 00| 0 spa d | ||
| 020 | _a8431659238 | ||
| 040 |
_aDO-SdBPM _bspa _cBPMSU _erda |
||
| 050 | _a | ||
| 082 | 4 |
_a892.73 _bA362j 2008 _222 |
|
| 092 |
_a892.73 _b M637j |
||
| 100 | 1 |
_aAlderson, Brian, _d1930- _eautor |
|
| 130 | _6Las mil y una noches. | ||
| 245 | 1 | 3 |
_aEl Jorobado y otros cuentos de "Las mil y una noches" / _c versión Brian Alderson ; ilustraciones Michael Foreman ; traducción José Luis López Muñoz ; actividades Agustín Sánchez Aguilar. |
| 264 |
_a Barcelona : _bVicens Vives, _c2008 |
||
| 300 |
_a126 páginas : _bilustraciones , _c24 cm. |
||
| 336 |
_atexto _btxt _2rdacontent |
||
| 337 |
_asin mediación _bn _2rdamedia |
||
| 338 |
_avolumen _bnc _2rdacarrier |
||
| 490 | 0 |
_aCucaña, _v13 |
|
| 500 | _aIncluye al final ejercicios para comprensión de lectura. | ||
| 590 | _aInventariado, 2025/VM | ||
| 650 | 7 | _aCuentos árabes | |
| 650 | 7 | _aCuentos amorosos | |
| 650 | 7 |
_aLobos _vCuentos |
|
| 700 | 1 |
_aSópez Muñoz, José _d1938- _etraductor |
|
| 700 | 1 |
_aLuis , Foreman, Michael, _eilustración _4 |
|
| 700 | 1 |
_aLánchez Aguilar, Agustín _etraductor |
|
| 910 | _aVMateo V. Control de calidad. BPMSU | ||
| 942 |
_2ddc _cBK |
||
| 999 |
_c9295 _d9295 |
||